| 000 | 00538nam a2200157 i 4500 | ||
|---|---|---|---|
| 001 | 77529 | ||
| 003 | ES-MaACL | ||
| 005 | 20230906173247.0 | ||
| 007 | t| | ||
| 008 | 041020s1957 sp ||||1| spa d | ||
| 100 | 1 |
_aAnabitarte, Agustín. _921361 |
|
| 245 | 1 | 0 |
_aPatrones y capitanes de yate _b: . Libro de navegación en el que se contienen todas las contestaciones a los programas oficiales / _cAgustín Anabitarte. |
| 260 |
_a[Zarauz : _bIcharopena, _c1957] |
||
| 300 |
_aXVI, 512 p. ; _c22 cm. |
||
| 852 |
_aES-MaACL _jC-14124 _bR.41730 |
||
| 999 |
_c77529 _d77529 |
||